Okike (Record no. 9706)
[ view plain ]
| 000 -LEADER | |
|---|---|
| fixed length control field | 00340 a2200109 4500 |
| 005 - DATE AND TIME OF LATEST TRANSACTION | |
| control field | 20191017173031.0 |
| 084 ## - OTHER CLASSIFICATION NUMBER | |
| Classification number | PR9898.N5 A4 |
| 245 ## - TITLE STATEMENT | |
| Title | Okike |
| Medium | |
| 260 ## - PUBLICATION, DISTRIBUTION, ETC. | |
| Place of publication, distribution, etc. | nr |
| Name of publisher, distributor, etc. | Published for Okiki Magazine by Nwankwo-Ifejika |
| Date of publication, distribution, etc. | c1971- |
| 300 ## - PHYSICAL DESCRIPTION | |
| Extent | v. : ill. |
| Other physical details | 23-26 cm. |
| Dimensions | v. : ill. ; 23-26 cm. |
| 500 ## - GENERAL NOTE | |
| General note | Published: Nsukka, Nigeria : Okike, |
| 650 ## - SUBJECT ADDED ENTRY--TOPICAL TERM | |
| Topical term or geographic name entry element | African Literature |
No items available.